<?xml version="1.0" encoding="UTF-8"?>
<record
    xmlns:xsi="http://www.w3.org/2001/XMLSchema-instance"
    xsi:schemaLocation="http://www.loc.gov/MARC21/slim http://www.loc.gov/standards/marcxml/schema/MARC21slim.xsd"
    xmlns="http://www.loc.gov/MARC21/slim">

  <leader>02672nam a2200373 i 4500</leader>
  <controlfield tag="001">000012176</controlfield>
  <controlfield tag="003">DO-SdBNP</controlfield>
  <controlfield tag="005">20260321073639.0</controlfield>
  <controlfield tag="006">a||||er|||| 00| 0</controlfield>
  <controlfield tag="007">ta</controlfield>
  <controlfield tag="008">091106e1982    dr a          001 j spa d</controlfield>
  <datafield tag="040" ind1=" " ind2=" ">
    <subfield code="a">DO-SdBNP</subfield>
    <subfield code="b">spa</subfield>
    <subfield code="c">BNPHU</subfield>
    <subfield code="e">rda</subfield>
  </datafield>
  <datafield tag="082" ind1=" " ind2="4">
    <subfield code="a">RD863.44</subfield>
    <subfield code="b">D542d, 1982</subfield>
    <subfield code="2">22</subfield>
  </datafield>
  <datafield tag="100" ind1="1" ind2=" ">
    <subfield code="a">D&#xED;az Grull&#xF3;n, Virgilio,</subfield>
    <subfield code="d">1924-2001</subfield>
    <subfield code="e">autor</subfield>
    <subfield code="9">501</subfield>
  </datafield>
  <datafield tag="245" ind1="1" ind2="0">
    <subfield code="a">De ni&#xF1;os hombres y fantasmas /</subfield>
    <subfield code="c">Virgilio D&#xED;az Grull&#xF3;n ; ilustraciones, Gilberto Hern&#xE1;ndez Ortega, Victoria Amelia D&#xED;az Bonnelly y Fernando Ure&#xED;a Rib; pr&#xF3;logo, Juan Bosch.</subfield>
  </datafield>
  <datafield tag="250" ind1=" " ind2=" ">
    <subfield code="a">Segunda edici&#xF3;n</subfield>
  </datafield>
  <datafield tag="264" ind1=" " ind2="1">
    <subfield code="a">Santo Domingo :</subfield>
    <subfield code="b">Taller,</subfield>
    <subfield code="c">1982</subfield>
  </datafield>
  <datafield tag="300" ind1=" " ind2=" ">
    <subfield code="a">381 p&#xE1;ginas :</subfield>
    <subfield code="b">Ilustraciones ;</subfield>
    <subfield code="c">21 cm.</subfield>
  </datafield>
  <datafield tag="336" ind1=" " ind2=" ">
    <subfield code="2">rdacontent</subfield>
    <subfield code="a">texto</subfield>
    <subfield code="b">txt</subfield>
  </datafield>
  <datafield tag="337" ind1=" " ind2=" ">
    <subfield code="2">rdacarrier</subfield>
    <subfield code="a">volumen</subfield>
    <subfield code="b">n</subfield>
  </datafield>
  <datafield tag="338" ind1=" " ind2=" ">
    <subfield code="2">rdamedia</subfield>
    <subfield code="a">sin mediaci&#xF3;n</subfield>
    <subfield code="b">nc</subfield>
  </datafield>
  <datafield tag="490" ind1=" " ind2=" ">
    <subfield code="a">Montesinos ;</subfield>
    <subfield code="v">2</subfield>
  </datafield>
  <datafield tag="500" ind1=" " ind2=" ">
    <subfield code="a">Incluye datos biogr&#xE1;ficos del autor en la contracubierta.</subfield>
  </datafield>
  <datafield tag="505" ind1="0" ind2=" ">
    <subfield code="a">Presentaci&#xF3;n a la primera edici&#xF3;n --</subfield>
    <subfield code="t">A manera de pr&#xF3;logo --</subfield>
    <subfield code="t">De ni&#xF1;os--</subfield>
    <subfield code="t">El pozo sin fondo --</subfield>
    <subfield code="t">El reloj --</subfield>
    <subfield code="t">Pesadilla --</subfield>
    <subfield code="t">El peque&#xF1;o culpable --</subfield>
    <subfield code="t">La campana rota --</subfield>
    <subfield code="t">El aprendiz de brujo --</subfield>
    <subfield code="t">La enemiga --</subfield>
    <subfield code="t">Matar un rat&#xF3;n --</subfield>
    <subfield code="t">Punto de vista -</subfield>
    <subfield code="t">Matum --</subfield>
    <subfield code="g">Hombres --</subfield>
    <subfield code="t">Ca&#xED;n --</subfield>
    <subfield code="t">Jornada completa --</subfield>
    <subfield code="t">Edipo --</subfield>
    <subfield code="t">La puntualidad del se&#xF1;or Mart&#xED;nez --</subfield>
    <subfield code="t">Propiedad privada --</subfield>
    <subfield code="t">La rebeli&#xF3;n --</subfield>
    <subfield code="t">Vecindad --</subfield>
    <subfield code="t">Fiebre --</subfield>
    <subfield code="t">El corcho sobre el r&#xED;o --</subfield>
    <subfield code="t">Dos pesos para Cirilo --</subfield>
    <subfield code="t">Un epitafio para Don Justo --</subfield>
    <subfield code="t">A trav&#xE9;s del muro --</subfield>
    <subfield code="t">Cr&#xF3;nica policial --</subfield>
    <subfield code="t">Pas de deux --</subfield>
    <subfield code="t">Estampa folkl&#xF3;rica --</subfield>
    <subfield code="t">Legaslismo --</subfield>
    <subfield code="t">El sedicioso --</subfield>
    <subfield code="t">El uno y el otro --</subfield>
    <subfield code="t">Biograf&#xED;a de un suicidia --</subfield>
    <subfield code="t">La &#xFA;nica ver&#xED;dica versi&#xF3;n de la muerte de Jhonny Watson relatada por &#xE9;l mismo --</subfield>
    <subfield code="t">Catat&#xF3;nico --</subfield>
    <subfield code="g">Y fastamas --</subfield>
    <subfield code="t">C&#xED;rculo --</subfield>
    <subfield code="t">Su amigo Arcadio --</subfield>
    <subfield code="t">La resignada inmortalidad de Don C&#xE1;stulo --</subfield>
    <subfield code="t">Retorno --</subfield>
    <subfield code="t">M&#xE1;s all&#xE1; del espejo --</subfield>
    <subfield code="t">Doble personalidad --</subfield>
    <subfield code="t">&#xCD;caro --</subfield>
    <subfield code="t">El diario inconcluso --</subfield>
    <subfield code="t">Vertiginoso tiempo --</subfield>
    <subfield code="t">La verdadera pesadilla --</subfield>
    <subfield code="t">La mutaci&#xF3;n --</subfield>
    <subfield code="t">Viaje al microcosmo --</subfield>
    <subfield code="t">La trampa --</subfield>
    <subfield code="t">El cuento sin t&#xED;tulo --</subfield>
    <subfield code="t">Falso embarazo --</subfield>
    <subfield code="t">La pareja --</subfield>
    <subfield code="t">La broma p&#xF3;stuma --</subfield>
    <subfield code="t">La invasi&#xF3;n --</subfield>
    <subfield code="t">El maleficio --</subfield>
    <subfield code="g">Los algarrobos tambi&#xE9;n sue&#xF1;an --</subfield>
    <subfield code="t">Los algarrobos tambi&#xE9;n sue&#xF1;an.</subfield>
  </datafield>
  <datafield tag="590" ind1=" " ind2=" ">
    <subfield code="a">Inventariado, 2023 / MF</subfield>
  </datafield>
  <datafield tag="650" ind1=" " ind2="0">
    <subfield code="a">Cuentos dominicanos</subfield>
    <subfield code="9">176</subfield>
  </datafield>
  <datafield tag="650" ind1=" " ind2="0">
    <subfield code="a">Literatura dominicana.</subfield>
    <subfield code="9">67</subfield>
  </datafield>
  <datafield tag="700" ind1="1" ind2=" ">
    <subfield code="a"> Bosch, Juan, </subfield>
    <subfield code="d">1909-2001</subfield>
    <subfield code="e">pr&#xF3;logo</subfield>
    <subfield code="9">76555</subfield>
  </datafield>
  <datafield tag="700" ind1="1" ind2=" ">
    <subfield code="a">Hern&#xE1;ndez Ortega, Gilberto,</subfield>
    <subfield code="d">1924-1978</subfield>
    <subfield code="e">ilustrador</subfield>
    <subfield code="9">25201</subfield>
  </datafield>
  <datafield tag="700" ind1="1" ind2=" ">
    <subfield code="a">D&#xED;az Bonnelly, Victoria Amelia,</subfield>
    <subfield code="e">ilustradora</subfield>
    <subfield code="9">84652</subfield>
  </datafield>
  <datafield tag="700" ind1="1" ind2=" ">
    <subfield code="a">Ure&#xF1;a Rib, Fernando,</subfield>
    <subfield code="d">1951-</subfield>
    <subfield code="e">ilustrador</subfield>
    <subfield code="9">30237</subfield>
  </datafield>
  <datafield tag="910" ind1=" " ind2=" ">
    <subfield code="a">Validado. Control de calidad MMOLINA</subfield>
  </datafield>
  <datafield tag="942" ind1=" " ind2=" ">
    <subfield code="2">ddc</subfield>
    <subfield code="c">LBS1</subfield>
  </datafield>
  <datafield tag="952" ind1=" " ind2=" ">
    <subfield code="0">0</subfield>
    <subfield code="1">0</subfield>
    <subfield code="2">ddc</subfield>
    <subfield code="5">6</subfield>
    <subfield code="7">0</subfield>
    <subfield code="8">DS</subfield>
    <subfield code="a">BNPHU</subfield>
    <subfield code="b">BNPHU</subfield>
    <subfield code="c">HD</subfield>
    <subfield code="d">2011-08-17</subfield>
    <subfield code="l">0</subfield>
    <subfield code="o">BNPHU DS RD863.44 D542d 1982</subfield>
    <subfield code="p">12176-30</subfield>
    <subfield code="r">2020-06-25</subfield>
    <subfield code="t">e.3</subfield>
    <subfield code="w">2020-06-25</subfield>
    <subfield code="y">LBS1</subfield>
    <subfield code="Z">Pr&#xE9;stamo en sala</subfield>
  </datafield>
  <datafield tag="952" ind1=" " ind2=" ">
    <subfield code="0">0</subfield>
    <subfield code="1">0</subfield>
    <subfield code="2">ddc</subfield>
    <subfield code="5">1</subfield>
    <subfield code="7">0</subfield>
    <subfield code="8">PD</subfield>
    <subfield code="a">BNPHU</subfield>
    <subfield code="b">BNPHU</subfield>
    <subfield code="c">HD</subfield>
    <subfield code="d">2009-11-06</subfield>
    <subfield code="l">0</subfield>
    <subfield code="o">BNPHU PD RD863.44 D542d 1982</subfield>
    <subfield code="p">12176-10</subfield>
    <subfield code="r">2020-06-25</subfield>
    <subfield code="w">2020-06-25</subfield>
    <subfield code="y">LBS1</subfield>
    <subfield code="Z">No se presta</subfield>
  </datafield>
  <datafield tag="952" ind1=" " ind2=" ">
    <subfield code="0">0</subfield>
    <subfield code="1">0</subfield>
    <subfield code="2">ddc</subfield>
    <subfield code="5">1</subfield>
    <subfield code="7">0</subfield>
    <subfield code="8">PD</subfield>
    <subfield code="a">BNPHU</subfield>
    <subfield code="b">BNPHU</subfield>
    <subfield code="c">HD</subfield>
    <subfield code="d">2011-06-06</subfield>
    <subfield code="l">0</subfield>
    <subfield code="o">BNPHU PD RD863.44 D542d 1982</subfield>
    <subfield code="p">12176-20</subfield>
    <subfield code="r">2020-06-25</subfield>
    <subfield code="t">e.2</subfield>
    <subfield code="w">2020-06-25</subfield>
    <subfield code="y">LBS1</subfield>
    <subfield code="Z">No se presta</subfield>
  </datafield>
  <datafield tag="952" ind1=" " ind2=" ">
    <subfield code="0">0</subfield>
    <subfield code="1">0</subfield>
    <subfield code="2">ddc</subfield>
    <subfield code="5">6</subfield>
    <subfield code="7">0</subfield>
    <subfield code="8">DS</subfield>
    <subfield code="a">BNPHU</subfield>
    <subfield code="b">BNPHU</subfield>
    <subfield code="c">HD</subfield>
    <subfield code="d">2021-12-16</subfield>
    <subfield code="e">Donado por el Colegio Nuestra Sra. de Lourdes</subfield>
    <subfield code="l">0</subfield>
    <subfield code="o">BNPHU DS RD863.44 D542d 1982</subfield>
    <subfield code="p">2023-7910</subfield>
    <subfield code="r">2023-11-21</subfield>
    <subfield code="t">e.4</subfield>
    <subfield code="w">2023-11-21</subfield>
    <subfield code="y">LBS1</subfield>
  </datafield>
  <datafield tag="952" ind1=" " ind2=" ">
    <subfield code="0">0</subfield>
    <subfield code="1">0</subfield>
    <subfield code="2">ddc</subfield>
    <subfield code="5">6</subfield>
    <subfield code="7">0</subfield>
    <subfield code="8">DS</subfield>
    <subfield code="a">BNPHU</subfield>
    <subfield code="b">BNPHU</subfield>
    <subfield code="c">HD</subfield>
    <subfield code="d">2024-01-23</subfield>
    <subfield code="e">Donado por INTEC</subfield>
    <subfield code="l">0</subfield>
    <subfield code="o">BNPHU DS RD863.44 D542d 1982</subfield>
    <subfield code="p">2024-0388</subfield>
    <subfield code="r">2024-01-23</subfield>
    <subfield code="t">e.5</subfield>
    <subfield code="w">2024-01-23</subfield>
    <subfield code="y">LBS1</subfield>
  </datafield>
  <datafield tag="999" ind1=" " ind2=" ">
    <subfield code="c">11841</subfield>
    <subfield code="d">11841</subfield>
  </datafield>
</record>
